LEADER 01133nam0 22002891i 450 001 UON00227359 005 20231205103443.198 010 $a97-227-0653-5 100 $a20030730d1990 |0itac50 ba 101 $apor 102 $aPT 105 $a||||0 ||||| 200 1 $aEditar Pessoa$fIvo Castro 210 $a[Lisboa]$cImprensa Nacional-Casa da Moeda$d1990 215 $a116 p.$d25 cm. 410 1$1001UON00176485$12001 $aEdiçao Crítica de Fernando Pessoa. Colecçao «Estudos»$1210 $aLisboa$cImprensa Nacional-Casa da Moeda.$vVol. 1 606 $aPESSOA FERNANDO$3UONC039857$2FI 620 $aPT$dLisboa$3UONL003135 676 $a869.1$cPoesia portoghese$v12 700 1$aCASTRO$bIvo$3UONV113944$0450949 712 $aImprensa Nacional-Casa da Moeda$3UONV266231$4650 801 $aIT$bSOL$c20240220$gRICA 899 $aSIBA - SISTEMA BIBLIOTECARIO DI ATENEO$2UONSI 912 $aUON00227359 950 $aSIBA - SISTEMA BIBLIOTECARIO DI ATENEO$dSI Port IV 1324 $eSI LO 67319 5 1324 996 $aEditar Pessoa$91271409 997 $aUNIOR LEADER 04943nam 22007215 450 001 9910299436403321 005 20200702161946.0 010 $a3-319-13200-8 024 7 $a10.1007/978-3-319-13200-6 035 $a(CKB)3710000000343647 035 $a(EBL)1969311 035 $a(SSID)ssj0001424310 035 $a(PQKBManifestationID)11826479 035 $a(PQKBTitleCode)TC0001424310 035 $a(PQKBWorkID)11362948 035 $a(PQKB)10947142 035 $a(DE-He213)978-3-319-13200-6 035 $a(MiAaPQ)EBC1969311 035 $a(PPN)183517563 035 $a(EXLCZ)993710000000343647 100 $a20150127d2015 u| 0 101 0 $aeng 135 $aur|n|---||||| 181 $ctxt 182 $cc 183 $acr 200 10$aFoot Steps of the Ancient Great Glacier of North America $eA Long Lost Document of a Revolution in 19th Century Geological Theory /$fby Harold W. Borns, Jr., Kirk Allen Maasch 205 $a1st ed. 2015. 210 1$aCham :$cSpringer International Publishing :$cImprint: Springer,$d2015. 215 $a1 online resource (196 p.) 300 $aDescription based upon print version of record. 311 $a3-319-13199-0 327 $aPart I John Kimball DeLaski -- Biographical sketch -- The manuscript -- Part II The Ancient Great Glacier of North America -- Preface -- The phenomena of boulder drift -- Carver?s Harbor -- Research on rocks -- Vinalhaven and North Haven -- Camden Hills and Mount Desert --  Mount Desert to Holden -- Bangor to the Piscataquis Valley -- Mount Katahdin -- The inescapable conclusion - A large glacier -- Evidence from all over North America -- Boulder drift theories -- Objection to iceberg theory continued -- An astronomical theory -- Astronomical theory continued -- Theory of mutable axis of the earth -- Continental upheaval and subsidence -- The changeable relations of land and water -- Supposed cause of the cold period -- Geologic record since the Devonian -- The climate cools -- A glacial time -- Duration of the glacial age -- End of the glacial age -- On the motion of glaciers -- Purpose of the glacier -- Late-glacial cold-water marine shells of Maine and adjacent regions. 330 $aDr. John K. DeLaski practiced medicine in the Penobscot Bay region of Maine and, in addition, was a naturalist with keen powers of observation. His study of the landscape led to his conclusion that a thick glacier had overtopped the highest hills, filled all of Penobscot Bay, extended far to the east and west and probably was part of a greater continental glacier. He published these observations and inferences in numerous local newspapers and magazines, as well as the American Journal of Science. His work put him on the ?team? of Benjamin Silliman, James D. Dana and Louis Agassiz, all advocates for glaciation as the regional land shaping force as opposed to that of the Biblical Deluge, a major scientific conflict of the day both in North America and Europe. Agassiz and other prominent naturalists incorporated DeLaski?s observations into their own presentations, often without giving him credit. Published now for the first time, DeLaski?s summary work presents a holistic discussion of the controversy in which he presents his critical observations of surficial geology in Maine, southern New England and New Brunswick, Canada and concludes that these depositional and erosional features must be of glacial origin. All this was done while most ?naturalists? still advocated the Biblical Flood to explain the major components of surficial geology in North America and abroad. 606 $aHistorical geology 606 $aHistory 606 $aNature 606 $aEcology 606 $aClimatic changes 606 $aHistorical Geology$3https://scigraph.springernature.com/ontologies/product-market-codes/G17020 606 $aHistory of Science$3https://scigraph.springernature.com/ontologies/product-market-codes/731000 606 $aPopular Science in Nature and Environment$3https://scigraph.springernature.com/ontologies/product-market-codes/Q16000 606 $aClimate Change$3https://scigraph.springernature.com/ontologies/product-market-codes/U12007 615 0$aHistorical geology. 615 0$aHistory. 615 0$aNature. 615 0$aEcology. 615 0$aClimatic changes. 615 14$aHistorical Geology. 615 24$aHistory of Science. 615 24$aPopular Science in Nature and Environment. 615 24$aClimate Change. 676 $a500 676 $a509 676 $a55 676 $a571.7 676 $a577.27 700 $aBorns$b Jr., Harold W$4aut$4http://id.loc.gov/vocabulary/relators/aut$01064264 702 $aMaasch$b Kirk Allen$4aut$4http://id.loc.gov/vocabulary/relators/aut 906 $aBOOK 912 $a9910299436403321 996 $aFoot Steps of the Ancient Great Glacier of North America$92537202 997 $aUNINA